00903nam a2200241Ia 4500008004100000020001400041020001400055020001800069020001800087040001800105041000800123100001900131245013200150260008300282300003800365490003300403504005300436650003000489650004100519650003300560650002900593651003900622130821s2006 xxua gr eng  a807747114 a807747122 a9780807747117 a9780807747124 aCo-BoUCMbspa00aeng1 aRice, Linda J.10aWhat was it like? teaching history and culture through young adult literaturecLinda J. Rice ; prólogo de Alleen Pace Nilsen aNueva York (Estados Unidos)bTeachers College Press, Columbia Universityc2006 axiv, 202 páginasbilustraciones 0aLanguage and Literacy Series aIncluye referencias bibliográficas e índice.04aLiteratura estadounidense04aLiteraturaxHistoriazEstados Unidos04aNovela histórica americana04aNovela juvenil americana 4aEstados UnidosxHistoriaySiglo XX